Babul / (Record no. 44574)

MARC details
000 -LEADER
fixed length control field 01161nji a22002897a 4500
005 - DATE AND TIME OF LATEST TRANSACTION
control field 20100903161258.0
006 - FIXED-LENGTH DATA ELEMENTS--ADDITIONAL MATERIAL CHARACTERISTICS--GENERAL INFORMATION
fixed length control field a|||||r|||||00| 0
007 - PHYSICAL DESCRIPTION FIXED FIELD--GENERAL INFORMATION
fixed length control field sd ammalaaahaa
008 - FIXED-LENGTH DATA ELEMENTS--GENERAL INFORMATION
fixed length control field 100830t xxu||||| |||| 00| 0 eng d
028 ## - PUBLISHER NUMBER
Publisher number FT 17631
Source His Master's Voice
035 ## - SYSTEM CONTROL NUMBER
System control number GR-01187
040 ## - CATALOGING SOURCE
Original cataloging agency SED
Transcribing agency SED
100 ## - MAIN ENTRY--PERSONAL NAME
9 (RLIN) 17455
Personal name Mahmood, Talat
245 ## - TITLE STATEMENT
Title Babul /
Statement of responsibility, etc by Talat Mahmood [and] Shamshad ; music by Naushad ; comp by Shakeel Badayuni
Medium [sound recording] :
246 ## - VARYING FORM OF TITLE
Title proper/short title मिलते ही आखे / बाबुल
260 ## - PUBLICATION, DISTRIBUTION, ETC. (IMPRINT)
Place of publication, distribution, etc Dum Dum, India
Name of publisher, distributor, etc His Master's Voice
300 ## - PHYSICAL DESCRIPTION
Extent 1 sound disc [Gramophone Recording]:
Other physical details analog, 33 1/3 rpm
Dimensions 9.5 in. (MP)
Type of unit Gramophone Record
500 ## - GENERAL NOTE
General note Brief Record
505 ## - FORMATTED CONTENTS NOTE
Formatted contents note Side -1 मिलते ही आखे (Miltthey hi aakhe) Side 2 हुसन वालो को (Huusan walo ko) (Talat Mahmood)
650 ## - SUBJECT ADDED ENTRY--TOPICAL TERM
Topical term or geographic name as entry element Classical music
Geographic subdivision India
9 (RLIN) 1186
General subdivision Excerpts
700 ## - ADDED ENTRY--PERSONAL NAME
9 (RLIN) 17416
Personal name Naushad
700 ## - ADDED ENTRY--PERSONAL NAME
9 (RLIN) 17456
Personal name Badayuni, Shakeel
700 ## - ADDED ENTRY--PERSONAL NAME
9 (RLIN) 18836
Personal name Shamshad
700 ## - ADDED ENTRY--PERSONAL NAME
9 (RLIN) 18849
942 ## - ADDED ENTRY ELEMENTS (KOHA)
Source of classification or shelving scheme Dewey Decimal Classification
Item type Gramaphone Records
Holdings
Withdrawn status Lost status Source of classification or shelving scheme Damaged status Not for loan Collection code Home library Current library Date acquired Source of acquisition Total Checkouts Barcode Date last seen Copy number Price effective from Koha item type
    Dewey Decimal Classification   Not For Loan Non-fiction Central Library Central Library 08/09/2010 SED/VEN   GR-01187 08/09/2010 1 08/09/2010 Gramaphone Records

© Delhi Public Library
Hit Counter
free hit counter